| 000 | 01305nam0a22003251 4500 | ||
|---|---|---|---|
| 001 | v19\rc\1656968 | ||
| 005 | 20250619004952.0 | ||
| 035 | _a(NLR Aleph) 004767183 | ||
| 090 |
_a4611303 _c4611303 |
||
| 100 | _a20061002e18891889|||y0rusy50 ca | ||
| 101 | 1 |
_arus _cger |
|
| 102 | _aRU | ||
| 105 | _ay z ||||| | ||
| 200 | 1 |
_aОб искусственном вскармливании грудных детей и новый метод определения количества пищи _e(München med. Wochenschr. 1889, № 13 и 14) _f[Соч.] Прив.-доц. Escherich'а |
|
| 210 |
_aСанкт-Петербург _cГор. тип. _dценз. 1889 |
||
| 215 |
_a16 с. _d23 |
||
| 309 | _aБез тит. л. и обл. | ||
| 311 | _aПерепеч. из газ. "Медицина" | ||
| 488 | 0 |
_12001#$aМедицина _tМедицина |
|
| 488 | 0 |
_12001#$aMünchen med. Wochenschr.$v1889, № 13, 14 _tMünchen med. Wochenschr. |
|
| 517 | 0 | _aНовый метод определения количества пищи | |
| 700 | 1 |
_aЭшерих _bТ. _f1857-1911 _gТеодор |
|
| 801 | 0 |
_aRU _bNLR _gpsbo |
|
| 801 | 0 |
_aRU _bRuMoRGB _2psbo |
|
| 801 | 1 |
_aRU _bProSoft-M _2rusmarc |
|
| 852 |
_aNLR _j18.316.2.338 |
||
| 899 |
_aRuMoRGB _jA 152/317 |
||
| 899 | _aБАН | ||
| 942 | _cBOOK | ||
| 980 | _aNB | ||